DSMP Song Quiz - Statistics

General Stats
  • This quiz has been taken 177 times
  • The average score is 6 of 15
Answer Stats
Hint Answer % Correct
Man, if I'm gonna be honest, I dropped out of college. Found myself a whole new realm of knowledge. Life By The Sea
81%
Ding Dong, Trick-Or-Treat. I was knocking on your door every week. Muffin
72%
White streak in my hair but no stress now. Trade-off, that guy's looking like a mess now. Revived
70%
As the wind whips 'round. I take a breath for victory. I See A Dreamer
60%
I'm scared of the water, Scared of the rain. Ooh oh. Scared of the memories that make me insane. Vibrant Eyes
57%
Lemon-Lime Soda Skies. Lucky like a four leaf clover. Strawberry slice of life. Singing with a sip of nectar, ooh oh. Honey
48%
Hey, I'll tell you a little secret of mine. If you promise not to tell, if you have the time. Syndicate
48%
Nightmares that never end. Living inside your head. Kiss Your Dreams Goodbye.
31%
I was just a normal boy who longed to live in peace. Built my house along the highway, was obsessed with bees. Death Hole
23%
In my book that bleeds, Do Not Read. Empty Pages
22%
I spy with my own two eyes. A land soon to meet their demise. Marionettes
17%
Pride in myself was something I swore would never die. Gaining respect means giving up a past life. Oblivion
17%
I was known to mess around and follow everyone. At the top once or twice 'til I built my own town. Used to chant "yes sir", 'til I felt more empowered. And I thought it don't matter 'til now. Boss of You
16%
I bounced back. You love that. Wanna show me all the work that you been at. Out of Touch
6%
I hold the power to decide. Who lives, Who suffers, and who dies. False Peace
5%
No matching quizzes found
Score Distribution
Percent of People with Each Score
Percentile by Number Answered
Your Score History
You have not taken this quiz